Logo BPK

Biblioteka

Politechniki Koszalińskiej

Der Hofmeister oder Vorteile der Privaterziehung : (Rekord nr 45945)

Szczegóły MARC
000 -ETYKIETA REKORDU
podpole kontrolne o stałej długości 00929nam a2200265 i 4500
001 - NUMER KONTROLNY REKORDU
pole kontrolne bg
020 ## - MIĘDZYNARODOWY ZNORMALIZOWANY NUMER KSIĄŻKI - ISBN
ISBN 3150013763
040 ## - ŹRÓDŁO KATALOGOWANIA
Instytucja, która utworzyła rekord BPK
041 0# - KOD JĘZYKA
Kod języka tekstu ger
080 ## - UNIWERSALNA KLASYFIKACJA DZIESIĘTNA - UKD
UKD 821.112.2-2
920 ## - Międzynarodowy znormalizowany numer książki – ISBN
ISBN 3-15-001376-3
008 - POLE O STAŁEJ DŁUGOŚCI - DANE KONTROLNE
podpole kontrolne o stałej długości s pl f |000 0 pol
100 1# - NAZWA OSOBOWA
Nazwa osobowa LENZ, Jakob Michael Reinhold
Daty związane z nazwą (1751-1792)
245 10 - TYTUŁ/ODPOWIEDZIALNOŚĆ
Tytuł Der Hofmeister oder Vorteile der Privaterziehung :
Ciąg dalszy tytułu eine Komödie /
Pozostałe elementy strefy tytułu i oznaczenia odpowiedzialności Jakob Michael Reinhold Lenz ; Anm. von Friedrich Voit, Nachw. von Karl S. Guthke.
260 ## - STREFA ADRESU WYDAWNICZEGO
Miejsce wydania Stuttgart :
Nazwa wydawcy/dystrybutora Philipp Reclam,
Data publikacji, dystrybucji/powstania dokumentu 2002.
300 ## - STREFA OPISU FIZYCZNEGO
Objętość 125 s. ;
Rozmiary 15 cm.
490 1# - STREFA SERII I DOKUMENTU WIELOCZĘŚCIOWEGO - FORMA NIE DO WYSZUKIWANIA
Tytuł i oznaczenie odpowiedzialności serii Universal-Bibliothek ;
Numeracja w obrębie serii Nr 1376
650 #9 - HASŁO PRZEDMIOTOWE W FORMIE NAZWY OGÓLNEJ LUB JEDNOSTKOWEJ
Nazwa ogólna lub geograficzna Dramat niemiecki
Określnik chronologiczny 18 w.
650 #9 - HASŁO PRZEDMIOTOWE W FORMIE NAZWY OGÓLNEJ LUB JEDNOSTKOWEJ
Nazwa ogólna lub geograficzna Komedia niemiecka
Określnik chronologiczny 18 w.
700 1# - HASŁO DODATKOWE - NAZWA OSOBOWA
Nazwa osobowa VOIT, Friedrich
700 1# - HASŁO DODATKOWE - NAZWA OSOBOWA
Nazwa osobowa GUTHKE, Karl S.
830 ## - HASŁO DODATKOWE SERII LUB DOKUMENTU WIELOCZĘŚCIOWEGO - TYTUŁ UJEDNOLICONY
Tytuł ujednolicony Universal-Bibliothek ;
856 ## - LOKALIZACJA I DOSTĘP DO ELEKTRONICZNYCH DOKUMENTÓW ZDALNYCH
Link (URL) http://koha.tu.koszalin.pl/cgi-bin/koha/opac-detail.pl?biblionumber=45945
Tekst linku Katalog online BPK
942 ## - DODATKOWE ELEMENTY (KOHA)
Typ dokumentu Książka
Egzemplarze
Wycofany Status egzemplarza Uszkodzony Dostępność Lokalizacja stała Lokalizacja bieżąca Miejsce przechowywania Sygnatura Kod kreskowy Typ dokumentu
      Dostępny Biblioteka Politechniki Koszalińskiej Biblioteka Politechniki Koszalińskiej Wypożyczalnia BG 75320 02256573 Książka
      Dostępny Biblioteka Politechniki Koszalińskiej Biblioteka Politechniki Koszalińskiej Wypożyczalnia BG 75321 02256566 Książka
      Dostępny Biblioteka Politechniki Koszalińskiej Biblioteka Politechniki Koszalińskiej Wypożyczalnia BG 75322 02256559 Książka
© 2023 Biblioteka Politechniki Koszalińskiej :: KOHA